International institute for labour studies

Enregistré dans:
Détails bibliographiques
Format: Livre
Langue:Undetermined
Publié: Geneva International institute for labour studies 1966
Sujets:
Tags: Ajouter un tag
Pas de tags, Soyez le premier à ajouter un tag!
Thư viện lưu trữ: Trung tâm Học liệu Trường Đại học Cần Thơ
LEADER 00520nam a2200169Ia 4500
001 CTU_80388
008 210402s9999 xx 000 0 und d
082 |a 331.87 
082 |b I.61 
245 0 |a International institute for labour studies 
245 0 |c International institute for labour studies 
260 |a Geneva 
260 |b International institute for labour studies 
260 |c 1966 
650 |a Labor union organization 
904 |i Trọng Hải 
980 |a Trung tâm Học liệu Trường Đại học Cần Thơ